Score 0/44 Timer 04:00
11 Plays Today
Clue 4-Letter Word % Correct
♪ [NEXT HIGHLIGHT] the party's ____• OVER •
93.6%
♪ When We All ____ Asleep, Where Do We Go? ♪ • FALL •
93%
♪ All the Good Girls Go to ____• HELL •
91.2%
♪ ____ the party's [PREVIOUS HIGHLIGHT] ♪ • WHEN •
86.7%
Baking chamberOVEN
85.3%
At no costFREE
82.5%
Gandalf phrase 'You shall not ____'PASS
82.3%
TrippedFELL
82.2%
China's is greatWALL
81.5%
Water sourceWELL
79.6%
There's three in a yardFEET
79.4%
Beech or CedarTREE
79.4%
Pool table surfaceFELT
79.2%
Pig meatPORK
78.5%
WorryFRET
78.3%
In those daysTHEN
77.8%
After 12, before 20TEEN
77.7%
♪ [PREVIOUS HIGHLIGHT] You ____ Gay ♪ • WERE •
77.2%
Dexter's Michael C.HALL
77.1%
Biblical pronounTHEE
76.8%
Frozen reindeerSVEN
75.2%
Close friendsPALS
75.2%
Clue 4-Letter Word % Correct
♪ ____ You [NEXT HIGHLIGHT] Gay ♪ • WISH •
74%
Part of Miss Muffet's dietWHEY
74%
On displaySEEN
72.9%
Rock's ___ Might Be GiantsTHEY
72.8%
Fairy tale penultimate wordEVER
71.7%
Brought to lifeBORN
71.6%
BygonePAST
71.5%
Be on fireBURN
70.4%
Work benefit PERK
68.9%
Guys' partnersGALS
68.2%
Only remainingLAST
67.8%
Strand of metalWIRE
66.7%
Really bugGALL
66%
Father, to JacquesPÈRE
63.2%
Like YodaWISE
62.7%
♪ Ocean ____• EYES •
62.6%
Northwest state abbrev.WASH.
62.5%
OglerEYER
62%
Eye irritant, perhapsLASH
60.7%
♪ '____ a Friend' ♪ • BURY •
47.5%
Mindy's alien roommateMORK
30.1%
Break of dawnMORN
27%

Today's Daily Dose

You're not logged in!

Compare scores with friends on all Sporcle quizzes.
OR
Log In

Sporcle TV

Today on Sporcle TV


Watch our educational content, quiz creation guides, and fun videos on Sporcle TV.

Show Comments

Extras

Top Quizzes Today


Score Distribution

Paid Content

Your Account Isn't Verified!

In order to create a playlist on Sporcle, you need to verify the email address you used during registration. Go to your Sporcle Settings to finish the process.

Report this User

Report this user for behavior that violates our Community Guidelines.

Details: